01892 a2200241 45000010006000000050017000060080041000230030015000640400040000790800085001192450092002040200018002962640048003143000019003625051091003811000028014727000026015007000021015267000028015477000023015757000022015987000030016204552620260407155727.0260407a1994 arg spa dAR-UNSa-BCEJYS aAR-UNSa-BCEJYSbspacAR-UNSa-BCEJYS a342.4xConstituciones. Asambleas legislativas. Asambleas nacionales (Reforma...)10aLa reforma de la constituciónpexplicada por miembros de la comisión de redacción a950-727-063-9 1aSanta Fe :bRubinzal-Culzoni Editoresc1994 a477 p.c23 cm. a1. interpretación de la constitución / Héctor Masnatta – 2. Defensa del orden constitucional / Horacio Daniel Rosatti – 3. Derechos electorales / Horacio Daniel Rosatti – 4. Participación popular en las decisiones públicas. Iniciativa legislativa y consulta popular / Horacio Daniel Rosatti – 5. Preservación del medio ambiente. Desde el interés difuso hacia el derecho-deber constitucional / Horacio Daniel Rosatti – 6. Nuevos derechos de los consumidores y usuarios / Jorge Mosset Iturraspe – 7. El amparo, el habeas data y el habeas corpus en la reforma de la Constitución Nacional / Humberto Quiroga Lavié – 8. Declaraciones, tratados y convenciones internacionales / Rodolfo Carlos Barra – 9. Status constitucional de los pueblos indígenas Argentinos / Horacio Daniel Rosatti – 10. Nuevos órganos de control en la constitución : El defensor del pueblo y el ministerio público / Humberto Quiroga Lavié – 11. Las reformas del sistema institucional. El núcleo de coincidencias básicas / Alberto M. García Lema y Enrique Paixão. 1 aMosset Iturraspe, Jorge1 aBarra, Rodolfo Carlos1 aRosatti, Horacio1 aGarcia Lema, Alberto M.1 aMasnatta, Héctor1 aPaixáo, Enrique1 aQuiroga Lavié, Humberto